| 000 | 01246nam a22003015a 4500 | ||
|---|---|---|---|
| 003 | OSt | ||
| 005 | 20170619133836.0 | ||
| 008 | 170615s1998 ua grb 000 0 ara d | ||
| 017 | _a97 / 14180 | ||
| 020 | _a9772810530 | ||
| 040 |
_aEG-ScBUE _bara _cEG-ScBUE |
||
| 041 | 1 |
_aara _heng |
|
| 082 | 0 | 4 |
_222 _bد و ن _a341.48 |
| 100 | 1 | _aدونللي، جاك. | |
| 240 | 1 |
_aUniversal human rights in theory and practice. _hArabic |
|
| 245 | 1 | 0 |
_aحقوق الإنسان العالمية بين النظرية والتطبيق / _cجاك دونللي ؛ ترجمة مبارك علي عثمان ؛ مراجعة محمد نور فرحات. |
| 250 | _aط. العربية 1. | ||
| 260 |
_aالجيزة، مصر : _bالمكتبة الأكاديمية، _c1998. |
||
| 300 |
_a329 ص. ؛ _c24 سم. |
||
| 504 | _aيشتمل على إرجاعات ببليوجرافية. | ||
| 546 | _aالنص باللغة العربية ؛ مترجم من اللغة الإنجليزية. | ||
| 590 | _aدعاء | ||
| 650 | 7 |
_2BUEsh _aحقوق الإنسان (قانون دولي) _940977 |
|
| 653 |
_bGGEN _cJune2017 |
||
| 700 | 1 |
_aعثمان، مبارك علي، _eمترجم. |
|
| 700 | 1 |
_aفرحات، محمد نور، _eمراجع. _933262 |
|
| 942 | _2ddc | ||
| 999 |
_c24927 _d24899 |
||